Statistics for Graphical Map of the U.S. Quiz

Click here to take the quiz!

General Stats

  • This quiz has been taken 51 times
  • The average score is 34 of 48

Answers on the Map

Answers color-coded by a green-red scale on the quiz's map according to % correct below.
 

Answer Stats

Answer% Correct
Maine
90%
Vermont
88%
New Hampshire
85%
New York
85%
Connecticut
83%
New Jersey
83%
Rhode Island
80%
Massachusetts
78%
California
75%
Ohio
75%
Oregon
75%
Washington
75%
Florida
73%
Idaho
73%
Michigan
73%
Montana
73%
North Carolina
73%
Wyoming
73%
Alabama
70%
Arizona
70%
Colorado
70%
Delaware
70%
Georgia
70%
Nevada
70%
New Mexcio
70%
North Dakota
70%
South Carolina
70%
Illinois
68%
Maryland
68%
Minnesota
68%
Mississippi
68%
Nebraska
68%
Pennsylvania
68%
Texas
68%
West Virginia
68%
Indiana
65%
Iowa
65%
Kansas
65%
Oklahoma
65%
Tennessee
65%
Wisconsin
65%
Kentucky
63%
Louisiana
63%
Missouri
63%
South Dakota
63%
Utah
63%
Virginia
60%
Arkansas
58%

Score Distribution

Percentile by Number Answered

Percent of People with Each Score

Your Score History

You have not taken this quiz